000 01425nam a22003737a 4500
003 CHAP
005 20220329141746.0
008 971013s1972 r 00010 d
010 _a73407
011 _a74379
035 _a83938
040 _cCHAP
090 _aTesis
100 0 0 _aGarcía Salomón, Eduardo.
_946598
245 _aComparación de eficiencias en el uso de los factores productivos entre dos grupos de fincas agropecuarias en la unidad Valle Hermoso del Distrito de Riego No. 25 del Bajo Río Bravo, Tamps.
260 _aMonterrey, N.L.,
_c1972
300 _a84 h.
502 _aTesis (Ing. Agrónomo Fitotecnista) -- ITESM. Div. de Ciencias Agropecuarias y Marítimas
590 _aALEPH
_b10
_c20130110
_lUCH01
_h1416
590 _aBATCH-UPD
_b10
_c20130110
_lUCH01
_h0147
590 _aBATCH-UPD
_b10
_c20130110
_lUCH01
_h1903
590 _aBATCH-UPD
_b10
_c20130409
_lUCH01
_h2146
590 _aBATCH-UPD
_b10
_c20130410
_lUCH01
_h1231
590 _aBATCH-UPD
_b10
_c20130913
_lUCH01
_h2122
590 _aCONVERSION
_b10
_c20130109
_lUCH01
_h1340
650 1 4 _aAgricultura
_xAspectos economicos
_xTamaulipas.
_91298
650 1 4 _aAgricultura
_xTamaulipas.
_91833
650 1 4 _aCultivos
_xCostos de producción.
_930247
650 1 4 _aCultivos
_xRendimiento.
_930318
650 1 4 _aDistrito de Riego Bajo Río Bravo, Tamps.
_932847
901 _aBK
942 _cTESIS
949 _bBC
_cTES
_d-38950
_eTS1
_i83938
_si
999 _c73407
_d73407